Safhat-e-Chakwal / (Record no. 524350)

000 -LEADER
fixed length control field 00463nam a22001697a 4500
003 - CONTROL NUMBER IDENTIFIER
control field NUST
038 ## - RECORD CONTENT LICENSOR
Staff Name waseem
082 ## - DEWEY DECIMAL CLASSIFICATION NUMBER
Classification number 297.6092
Author Mark NAW
100 ## - MAIN ENTRY--PERSONAL NAME
Personal name Nawaz, Malik Muhammad
9 (RLIN) 15172
245 ## - TITLE STATEMENT
Title Safhat-e-Chakwal /
Statement of responsibility, etc. Malik Muhammad Nawaz
260 ## - PUBLICATION, DISTRIBUTION, ETC.
Place of publication, distribution, etc. Rawalpindi :
Name of publisher, distributor, etc. Muhammad Yousaf,
Date of publication, distribution, etc. 1974.
300 ## - PHYSICAL DESCRIPTION
Extent 234 p. ;
500 ## - GENERAL NOTE
General note Paperback.
880 ## - ALTERNATE GRAPHIC REPRESENTATION
Linkage 100-01\r
Title ملک محمد نواز
880 ## - ALTERNATE GRAPHIC REPRESENTATION
Linkage 245-02\r
Title صفحاتِ چکوال /
942 ## - ADDED ENTRY ELEMENTS (KOHA)
Source of classification or shelving scheme
Koha item type Book
Holdings
Withdrawn status Lost status Source of classification or shelving scheme Damaged status Not for loan Permanent Location Current Location Shelving location Date acquired Total Checkouts Full call number Barcode Date last seen Price effective from Koha item type
          Central Library (CL) Central Library (CL) Punjabi Literature 06/20/2019   297.6092 NAW CL-E-1160 06/20/2019 06/20/2019 Book
© 2023 Central Library, National University of Sciences and Technology. All Rights Reserved.